Video Games by soundtrack Pt.2 - Statistics

General Stats
  • This quiz has been taken 17 times
  • The average score is 6 of 10
Answer Stats
Songs Game % Correct
Ground Theme / Bowsers's Castle Theme Mario
100%
Nuclear Mission Jam / Forget about Freeman Half-Life
77%
Brinstar depths / Ridley's chamber Metroid
77%
Firelink Shrine / Gwyn, Lord of Cinder Dark Souls
69%
Inkoming / Ink or Sink Splatoon
69%
Moon Lord / Plantera Terraria
69%
Bubblegum K.K / K.K cruisin' Animal Crossing
62%
Gangplank Galleon / Treetop Rock Donkey Kong
62%
Science is Fun / Self Esteem Fund Portal
38%
BT-7274 / Welcome to the Marauder Corps Titanfall
8%
No matching quizzes found
Score Distribution
Percent of People with Each Score
Percentile by Number Answered
Your Score History
You have not taken this quiz